Simulation of water-surface elevations for a hypothetical 100-year peak flow in Birch Creek at the Idaho National Engineering and Environmental Laboratory, Idaho.

Bibliographic Details
Main Author: Berenbrock, Charles
Corporate Authors: United States. Department of Energy, Geological Survey (U.S.)
Other Authors: Kjelstrom, L. C.
Format: Government Document Book
Language:English
Published: Boise, Idaho : U.S. Dept. of the Interior, U.S. Geological Survey ; 1997.
Series:Water-resources investigations report ; 97-4083.
Subjects:

MARC

Tag First Indicator Second Indicator Subfields
LEADER 00000cam a2200000 a 4500
001 in00001404533
005 20151020052252.0
008 970731s1997 iduab b f000 0 eng d
010 |a gp 97066323  
035 |a (OCoLC)37391364 
035 |9 AHM3423AM 
040 |d GPO  |d DLC  |d MvI  |d UtOrBLW 
043 |a n-us-id 
074 |a 0624-B 
086 0 |a I 19.42/4:97-4083 
100 1 |a Berenbrock, Charles. 
245 1 0 |a Simulation of water-surface elevations for a hypothetical 100-year peak flow in Birch Creek at the Idaho National Engineering and Environmental Laboratory, Idaho. 
246 3 |a Simulation of water surface elevations for a hypothetical 100-year peak flow in Birch Creek at the Idaho National Engineering and Environmental Laboratory, Idaho 
264 1 |a Boise, Idaho :  |b U.S. Dept. of the Interior, U.S. Geological Survey ;  |c 1997. 
264 2 |a Denver, CO :  |b Information Services [distributor], 
300 |a iv, 20 pages :  |b illustrations, maps ;  |c 28 cm. 
336 |a text  |b txt  |2 rdacontent 
337 |a unmediated  |b n  |2 rdamedia 
338 |a volume  |b nc  |2 rdacarrier 
490 1 |a Water-resources investigations report ;  |v 97-4083 
500 |a Shipping list number: 97-0322-p. 
504 |a Includes bibliographical references (page 20). 
650 0 |a Flood forecasting  |z Idaho  |z Idaho National Engineering Laboratory Region  |x Computer simulation. 
650 0 |a Streamflow  |z Idaho  |z Idaho National Engineering Laboratory Region  |x Computer simulation. 
700 1 |a Kjelstrom, L. C. 
710 1 |a United States.  |b Department of Energy. 
710 2 |a Geological Survey (U.S.) 
830 0 |a Water-resources investigations report ;  |v 97-4083. 
999 |a MARS 
999 f f |s b5690418-446c-36e0-9d3e-e9a3a3e940f3  |i d0042b01-9b98-3d05-945e-f7471094c8fe  |t 0 
952 f f |p normal  |a Texas A&M University  |b College Station  |c Sterling C. Evans Library  |d Evans: US Documents (Annex 5th floor)  |t 0  |e I 19.42/4:97-4083  |h Superintendent of Documents classification  |i unmediated -- volume  |m A14822821063 
998 f f |a I 19.42/4:97-4083  |t 0  |l Evans: US Documents (Annex 5th floor)